| 000 | 01647cam a2200373 a 4500 | ||
|---|---|---|---|
| 999 |
_c173287 _d173287 |
||
| 001 | 16013044 | ||
| 003 | Nust | ||
| 005 | 20180718071011.0 | ||
| 008 | 091208s2010 nyu b 000 1 eng | ||
| 010 | _a 2009050784 | ||
| 020 |
_a9780007350810 (pbk.) _cRs. 200 |
||
| 038 | _aArshad | ||
| 040 |
_aDLC _cDLC _dDLC |
||
| 043 | _ae-uk-en | ||
| 050 | 0 | 0 |
_aPR4172 _b.W7 2010 |
| 082 | 0 | 0 |
_a823.8 _bBRO |
| 100 | 1 |
_aBrontë, Emily, _d1818-1848. _911800 |
|
| 245 | 1 | 0 |
_aWuthering Heights / _cEmily Brontë. |
| 250 | _aDover Thrift Study ed. | ||
| 260 |
_aMineola, N.Y. : _bDover Publications, _c2010. |
||
| 300 |
_aviii, 384 p. ; _c21 cm. |
||
| 490 | 0 | _aDover thrift study edition | |
| 500 | _aThis Dover edition contains the unabridged text of the first edition of Wuthering heights, as originally published by Thomas Cautley Newby, London, in 1847, plus literary analysis and perspectives from MAXnotes for Wuthering Heights, published in 1996 by Research & Education Association, Piscataway, New Jersey. | ||
| 504 | _aIncludes bibliographical references (p [344]). | ||
| 600 | 1 | 0 |
_aBrontë, Emily, _d1818-1848. _tWuthering Heights _xExaminations _vStudy guides. _911801 |
| 650 | 0 |
_aTriangles (Interpersonal relations) _vFiction. _97637 |
|
| 650 | 0 |
_aRevenge _vFiction. _97967 |
|
| 651 | 0 |
_aYorkshire (England) _vFiction. _911802 |
|
| 655 | 7 |
_aLove stories. _2gsafd _9418 |
|
| 700 | 1 |
_aSpiegel, Lynda Rich. _tEmily Brontë's Wuthering Heights. _911803 |
|
| 906 |
_a7 _bcbc _corignew _d1 _eecip _f20 _gy-gencatlg |
||
| 942 |
_2ddc _cBK |
||